Guía de Mariposas Diurnas de la Hispaniola / (Registro nro. 24154)

Detalles MARC
000 -LEADER
fixed length control field 00754nam a22002177a 4500
003 - CONTROL NUMBER IDENTIFIER
control field DO-CoUTE
005 - DATE AND TIME OF LATEST TRANSACTION
control field 20260430144304.0
008 - FIXED-LENGTH DATA ELEMENTS--GENERAL INFORMATION
fixed length control field 260430b dr ||||| |||| 00| 0 spa d
040 ## - CATALOGING SOURCE
Original cataloging agency DO-CoUTE
Language of cataloging spa
Transcribing agency DO-CoUTE
082 ## - DEWEY DECIMAL CLASSIFICATION NUMBER
Classification number R 595.789t136g
100 1# - MAIN ENTRY--PERSONAL NAME
Personal name Tarkizawa, Haruo
Relator term Autor
245 10 - TITLE STATEMENT
Title Guía de Mariposas Diurnas de la Hispaniola /
Statement of responsibility, etc. Haruo Takizawa, sandis Medrano Cabral, Denia Veloz
260 ## - PUBLICATION, DISTRIBUTION, ETC.
Place of publication, distribution, etc. Santo Domingo ;
Name of publisher, distributor, etc. Agencia de cooperación Internacional,
Date of publication, distribution, etc. 2003
300 ## - PHYSICAL DESCRIPTION
Extent 58 Paginas :
Other physical details mapas ;
Dimensions 22cm,
504 ## - BIBLIOGRAPHY, ETC. NOTE
Bibliography, etc. note Incluye referencia bibliográfica e índice.<br/>
650 #4 - SUBJECT ADDED ENTRY--TOPICAL TERM
Topical term or geographic name entry element Mariposa
700 1# - ADDED ENTRY--PERSONAL NAME
Personal name Haruo Takizawa
Relator term Autor
700 1# - ADDED ENTRY--PERSONAL NAME
Personal name Sardis Medrano Cabral
Relator term Autor
700 1# - ADDED ENTRY--PERSONAL NAME
Personal name Denia Veloz
Relator term Autor
942 ## - ADDED ENTRY ELEMENTS (KOHA)
Source of classification or shelving scheme Dewey Decimal Classification
Koha item type Libros
Existencias
Withdrawn status Lost status Source of classification or shelving scheme Damaged status Not for loan Collection code Home library Current library Shelving location Date acquired Inventory number Total Checkouts Full call number Barcode Date last seen Copy number Price effective from Koha item type
    Dewey Decimal Classification     Colección de Referencia Biblioteca UTECO Biblioteca UTECO En Estantería 04/30/2026 023951   R 595.789t136g 023951 04/30/2026 Ej.1 04/30/2026 Libros
© 2021 Derechos Reservados UTECO - Teléfono: +1 809-585-2291 - Correo electrónico: biblioteca@uteco.edu.do​  
Código postal 43000 ​​
Dirección: Avenida Universitaria No. 100, 
Cotuí, Provincia Sánchez Ramírez, República Dominicana - RNC: 404-00059-6